UBT Library

Economics for business and management / (Record no. 274)

000 -LEADER
fixed length control field 00598nam a22002177a 4500
008 - FIXED-LENGTH DATA ELEMENTS--GENERAL INFORMATION
fixed length control field 131112b xxu||||| |||| 00| 0 eng d
020 ## - INTERNATIONAL STANDARD BOOK NUMBER
International Standard Book Number 0198775385
041 0# - LANGUAGE CODE
Language code of text/sound track or separate title eng
080 ## - UNIVERSAL DECIMAL CLASSIFICATION NUMBER
Universal Decimal Classification number 338
100 1# - Rafti
Rafti Chrystal, K. Alec
245 10 - TITLE STATEMENT
Title Economics for business and management /
Statement of responsibility, etc K. Alec Chrystal
260 ## -
-- United States :
-- Oxford university press ;
-- 1997.
300 ## -
-- 720 f. :
-- 25 cm.
500 ## -
-- Preface : f. [XI] - XVI
505 ## -
-- Includes indexes.
650 ## -
-- Biznesi
650 ## -
-- Ekonomia per biznes
650 ## -
-- Menaxhimi
700 1# -
-- Lipsey, Richard G.
942 ## - ADDED ENTRY ELEMENTS (KOHA)
Source of classification or shelving scheme
Item type Books
Holdings
Withdrawn status Lost status Source of classification or shelving scheme Damaged status Not for loan Collection code Permanent location Current location Shelving location Date acquired Total Checkouts Full call number Barcode Date last seen Koha item type
          Koleksioni i përgjithshem UBT - Prishtine UBT - Prishtine Koleksioni i përgjithshem 11/12/2013   338 CHRY 001-000329 11/12/2013 Books
UBT Library © 2015-2024. All rights reserved University Education for Business and Technology